|
|
|
|
| LEADER |
00631nab a2200181 i 4500 |
| 001 |
acta19089 |
| 005 |
20210616135946.0 |
| 008 |
161015s1942 hu o 0|| hun d |
| 040 |
|
|
|a SZTE Egyetemi Kiadványok Repozitórium
|b hun
|
| 041 |
|
|
|a hun
|
| 100 |
1 |
|
|a Vándor Gyula
|
| 245 |
1 |
0 |
|a Mile Budak, a horvát ujjászületés [!újjászületés] írója
|h [elektronikus dokumentum] /
|c Vándor Gyula
|
| 260 |
|
|
|c 1942
|
| 300 |
|
|
|a 56-63
|
| 490 |
0 |
|
|a Délvidéki szemle
|v 1
|
| 695 |
|
|
|a Budak Mile, Szépirodalom
|
| 700 |
0 |
1 |
|a Budak Mile
|e aut
|
| 856 |
4 |
0 |
|u http://acta.bibl.u-szeged.hu/19089/1/delvideki_szemle_001_056-063.pdf
|z Dokumentum-elérés
|